Cuerpos pintados: two decades of evolution

Spremljeno u:
Bibliografski detalji
Autor kompanije: Taller Experimental Cuerpos Pintados (Autor)
Format: Knjiga
Jezik:engleski
Izdano: Santiago Taller Experimental Cuerpos Pintados 2003
Teme:
Oznake: Dodaj oznaku
Bez oznaka, Budi prvi tko označuje ovaj zapis!

MARC

LEADER 00000cam a2200000 a 4500
001 UCF2372
003 CL-VaPUC
008 120817e20030000CL |||||||||||||||||eng|d
020 |a 9562950662 
082 0 4 |a 757.22  |b TAL  |2 21 
110 2 |a Taller Experimental Cuerpos Pintados  |e author  |9 563973 
245 1 0 |a Cuerpos pintados: two decades of evolution 
300 |a pág. irreg 
942 |c BK 
945 |d 20120817 00:00:00  |a dcastane 
260 |a Santiago  |b Taller Experimental Cuerpos Pintados  |c 2003 
500 |a Fotografías de Robert Edwards 
650 0 |a Pintura  |9 265046 
650 7 |a DESNUDO EN EL ARTE  |2 CL-VaPUC  |9 444355 
650 0 |a Pintura chilena siglo 20  |9 314453 
583 |a last modification  |c 20120820 01:47:51  |k Rodrigo Vera 
999 |c 348937  |d 348935 
952 |0 0  |1 0  |4 0  |6 757_220000000000000_TAL_2003  |7 0  |8 A  |9 451267  |a BIBING  |b BIBING  |d 2019-11-22  |i 4893328  |o 757.22 TAL 2003  |p 4893328  |r 2025-01-20  |w 2019-11-22  |y BK  |k CUI